Health, safety and environment test : (Record no. 121456)
[ view plain ]
| 000 -LEADER | |
|---|---|
| fixed length control field | 00914nam a2200265 a 4500 |
| 005 - DATE AND TIME OF LATEST TRANSACTION | |
| control field | 20230405110117.0 |
| 008 - FIXED-LENGTH DATA ELEMENTS--GENERAL INFORMATION | |
| fixed length control field | 230405s2012 enk 000 0 eng d |
| 020 ## - INTERNATIONAL STANDARD BOOK NUMBER | |
| ISBN | 9781857513431 (pbk.) |
| 035 ## - SYSTEM CONTROL NUMBER | |
| System control number | (StEdALDL)1/2738512 |
| 040 ## - CATALOGING SOURCE | |
| Original cataloging agency | StEdALDL |
| 041 ## - LANGUAGE CODE | |
| Language code of text/sound track or separate title | eng |
| 245 00 - TITLE STATEMENT | |
| Title | Health, safety and environment test : |
| Subtitle | for operatives and specialists : all the questions and answers for tests taken from April 2012. |
| 250 ## - EDITION | |
| Edition statement | Rev. ed. |
| 260 ## - PUBLICATION INFORMATION | |
| Place of publication | King's Lynn : |
| Publisher | CITB-ConstructionSkills, |
| Date | 2012. |
| 300 ## - PHYSICAL DESCRIPTION | |
| Physical description | ii, 224 p. ; |
| Dimensions | 21 cm. |
| 500 ## - GENERAL NOTE | |
| General note | Previous ed.: 2007. |
| 500 ## - GENERAL NOTE | |
| General note | Publisher's no.: GT 100/12. |
| 650 #0 - KEYWORDS | |
| Keywords | Construction industry |
| Geographic subdivision | Great Britain. |
| 650 #0 - KEYWORDS | |
| Keywords | Construction industry |
| Geographic subdivision | Great Britain |
| General subdivision | Safety measures |
| 651 ## - SUBJECT ADDED ENTRY--GEOGRAPHIC NAME | |
| Geographic name | United Kingdom |
| 710 2# - ADDED CORPORATE NAME | |
| Added corporate author | CITB-ConstructionSkills. |
| 942 ## - ADDED ENTRY ELEMENTS (KOHA) | |
| Suppress in OPAC | Do not suppress in OPAC |
| Lost status | Damaged status | Not for loan | Collection code | Home library | Current library | Shelving location | Date acquired | Total Checkouts | Full call number | Date last seen | Price effective from | Koha item type |
|---|---|---|---|---|---|---|---|---|---|---|---|---|
| Reference | London | London | Books | 05/04/2023 | 363.1196240941 | 05/04/2023 | 05/04/2023 | Book |